[Event "TUR-ch U20"]
[Site "Canakkale"]
[Date "2016.06.30"]
[Round "6"]
[White "Ozen, Batuhan"]
[Black "Kara, Yanki"]
[Result "0-1"]
[WhiteElo "1932"]
[BlackElo "1954"]
[PlyCount "90"]
[EventDate "2016.06.27"]
[EventType "swiss"]
[EventRounds "9"]
[EventCountry "TUR"]
[SourceTitle "CBM 173 Extra"]
[Source "ChessBase"]
[SourceDate "2016.08.29"]
[SourceVersion "1"]
[SourceVersionDate "2016.08.29"]
[SourceQuality "1"]

1. Nf3 Nf6 2. c4 g6 3. Nc3 d5 4. e3 Bg7 5. d4 0-0 6. b4 a5 7. b5 Be6 8. c5 Bg4 9. Bb2 Nbd7 10. Be2 c6 11. Na4 Bxf3 12. gxf3 Ne8 13. f4 Nc7 14. b6 Na6 15. Qc2 Nb4 16. Qb3 e5 17. fxe5 Qh4 18. a3 Na6 19. Bf3 Rae8 20. Nc3 a4 21. Nxa4 Kh8 22. Qc2 f6 23. e6 Rxe6 24. 0-0-0 f5 25. Kb1 Nf6 26. Rdf1 Rfe8 27. Bc1 Bh6 28. Nb2 f4 29. Nd3 fxe3 30. Ne5 e2 31. Nf7+ Kg7 32. Nxh6 exf1Q 33. Rxf1 Re1 34. Rxe1 Rxe1 35. Be2 Qxh6 36. Bxa6 bxa6 37. b7 Nd7 38. Kb2 Qxh2 39. Kb3 Qc7 40. Qd2 Qxb7+ 41. Ka2 Re7 42. Qh6+ Kg8 43. Be3 Nf6 44. Qh1 Ne4 45. Qe1 Qb5 0-1